Yoga power : (Record no. 64100)

MARC details
000 -LEADER
fixed length control field 00464nam a22001457a 4500
005 - DATE AND TIME OF LATEST TRANSACTION
control field 20180813142843.0
020 ## - INTERNATIONAL STANDARD BOOK NUMBER
International Standard Book Number 8187336951
Terms of availability 00.00
035 ## - SYSTEM CONTROL NUMBER
System control number B-31671, B-031673
037 ## - SOURCE OF ACQUISITION
Stock number DPL
Source of stock number/acquisition ENG
100 ## - MAIN ENTRY--PERSONAL NAME
Personal name Nigam, Braj Bihari
245 ## - TITLE STATEMENT
Title Yoga power :
Remainder of title The path of personal achievement /
Statement of responsibility, etc by Braj Bihari Nigam
260 ## - PUBLICATION, DISTRIBUTION, ETC. (IMPRINT)
Place of publication, distribution, etc New Delhi
Name of publisher, distributor, etc Dominant Publishers and Distributors
Date of publication, distribution, etc 2001
300 ## - PHYSICAL DESCRIPTION
Extent xiii, 320p.
Dimensions 20 cms.
942 ## - ADDED ENTRY ELEMENTS (KOHA)
Source of classification or shelving scheme Dewey Decimal Classification
Item type English Books
Classification part 181.45
Call number suffix NIG
Holdings
Withdrawn status Lost status Not for loan Collection code Home library Current library Date acquired Cost, normal purchase price Full call number Barcode Cost, replacement price Koha item type Source of acquisition
      Non-fiction Sarojini Nagar Sarojini Nagar 17/03/2012 0.00 181.45 NIG B-31671 0.00 English Books  
      Non-fiction Shahdara Branch Shahdara Branch 13/08/2018 0.00 181.45 NIG B-031673 0.00 English Books BPPD/PUB

© Delhi Public Library
Hit Counter
free hit counter